<?xml version="1.0" encoding="UTF-8"?>
<collection xmlns="http://www.loc.gov/MARC21/slim">
 <record>
  <leader>02645cam a2200469   4500</leader>
  <controlfield tag="001">1072425467</controlfield>
  <controlfield tag="003">DE-627</controlfield>
  <controlfield tag="005">20211027084326.0</controlfield>
  <controlfield tag="007">tu</controlfield>
  <controlfield tag="008">850101s1970    xx |||||      00| ||lat c</controlfield>
  <datafield tag="035" ind1=" " ind2=" ">
   <subfield code="a">(DE-627)1072425467</subfield>
  </datafield>
  <datafield tag="035" ind1=" " ind2=" ">
   <subfield code="a">(DE-576)002425467</subfield>
  </datafield>
  <datafield tag="035" ind1=" " ind2=" ">
   <subfield code="a">(DE-599)BSZ002425467</subfield>
  </datafield>
  <datafield tag="035" ind1=" " ind2=" ">
   <subfield code="a">(OCoLC)65493706</subfield>
  </datafield>
  <datafield tag="035" ind1=" " ind2=" ">
   <subfield code="a">(OCoLC)65493706</subfield>
  </datafield>
  <datafield tag="035" ind1=" " ind2=" ">
   <subfield code="a">(DE-604)8071501592</subfield>
  </datafield>
  <datafield tag="040" ind1=" " ind2=" ">
   <subfield code="a">DE-627</subfield>
   <subfield code="b">ger</subfield>
   <subfield code="c">DE-627</subfield>
   <subfield code="e">rakwb</subfield>
  </datafield>
  <datafield tag="041" ind1=" " ind2=" ">
   <subfield code="a">lat</subfield>
  </datafield>
  <datafield tag="084" ind1=" " ind2=" ">
   <subfield code="a">FB 3960</subfield>
   <subfield code="2">rvk</subfield>
   <subfield code="0">(DE-625)rvk/29936:</subfield>
  </datafield>
  <datafield tag="084" ind1=" " ind2=" ">
   <subfield code="a">AM 59500</subfield>
   <subfield code="2">rvk</subfield>
   <subfield code="0">(DE-625)rvk/4401:</subfield>
  </datafield>
  <datafield tag="245" ind1="1" ind2="0">
   <subfield code="a">Corpus Agrimensorum Romanorum</subfield>
   <subfield code="b">Codex Arcerianus A der Herzog-August-Bibliothek zu Wolfenbüttel (Cod. Guelf. 36. 23A)</subfield>
   <subfield code="c">eingel. von Hans Butzmann</subfield>
  </datafield>
  <datafield tag="264" ind1=" " ind2="1">
   <subfield code="a">Lugduni Batavorum</subfield>
   <subfield code="b">Sijthoff</subfield>
   <subfield code="c">1970</subfield>
  </datafield>
  <datafield tag="300" ind1=" " ind2=" ">
   <subfield code="a">44 S., 83 Taf., 6 Farbtaf.</subfield>
   <subfield code="b">Ill.</subfield>
  </datafield>
  <datafield tag="336" ind1=" " ind2=" ">
   <subfield code="a">Text</subfield>
   <subfield code="b">txt</subfield>
   <subfield code="2">rdacontent</subfield>
  </datafield>
  <datafield tag="337" ind1=" " ind2=" ">
   <subfield code="a">ohne Hilfsmittel zu benutzen</subfield>
   <subfield code="b">n</subfield>
   <subfield code="2">rdamedia</subfield>
  </datafield>
  <datafield tag="338" ind1=" " ind2=" ">
   <subfield code="a">Band</subfield>
   <subfield code="b">nc</subfield>
   <subfield code="2">rdacarrier</subfield>
  </datafield>
  <datafield tag="490" ind1="1" ind2=" ">
   <subfield code="a">Codices Graeci et Latini</subfield>
   <subfield code="v">22</subfield>
  </datafield>
  <datafield tag="583" ind1="1" ind2=" ">
   <subfield code="a">Archivierung/Langzeitarchivierung gewährleistet</subfield>
   <subfield code="c">20211027</subfield>
   <subfield code="f">SLG</subfield>
   <subfield code="z">Rara</subfield>
   <subfield code="2">pdager</subfield>
   <subfield code="5">DE-25</subfield>
  </datafield>
  <datafield tag="655" ind1=" " ind2="7">
   <subfield code="a">Faksimile</subfield>
   <subfield code="0">(DE-588)4153591-1</subfield>
   <subfield code="0">(DE-627)104339624</subfield>
   <subfield code="0">(DE-576)209804548</subfield>
   <subfield code="2">gnd-content</subfield>
  </datafield>
  <datafield tag="689" ind1="0" ind2="0">
   <subfield code="d">u</subfield>
   <subfield code="0">(DE-588)4560577-4</subfield>
   <subfield code="0">(DE-627)702717363</subfield>
   <subfield code="0">(DE-576)21371597X</subfield>
   <subfield code="a">Corpus agrimensorum Romanorum</subfield>
   <subfield code="x">Handschrift A</subfield>
   <subfield code="2">gnd</subfield>
  </datafield>
  <datafield tag="689" ind1="0" ind2=" ">
   <subfield code="5">(DE-627)</subfield>
  </datafield>
  <datafield tag="700" ind1="1" ind2=" ">
   <subfield code="a">Butzmann, Hans</subfield>
   <subfield code="d">1903-1982</subfield>
   <subfield code="e">Vorr.</subfield>
   <subfield code="0">(DE-588)118518151</subfield>
   <subfield code="0">(DE-627)079320341</subfield>
   <subfield code="0">(DE-576)160503078</subfield>
   <subfield code="4">aui</subfield>
  </datafield>
  <datafield tag="751" ind1=" " ind2=" ">
   <subfield code="a">Leiden</subfield>
   <subfield code="0">(DE-588)4074118-7</subfield>
   <subfield code="0">(DE-627)106090720</subfield>
   <subfield code="0">(DE-576)209192526</subfield>
   <subfield code="4">pup</subfield>
  </datafield>
  <datafield tag="787" ind1="0" ind2="8">
   <subfield code="i">Rezensiert in</subfield>
   <subfield code="a">Nordenfalk, Carl, 1907 - 1992</subfield>
   <subfield code="t">[Rezension von: Corpus Agrimensorum Romanorum. Der Codex Arcerianus A der Herzog-August-Bibliothek zu Wolfenbüttel (Cod. Guelf. 36.23A)]</subfield>
   <subfield code="d">Nürnberg : Carl, 1973</subfield>
   <subfield code="w">(DE-627)1692614800</subfield>
  </datafield>
  <datafield tag="830" ind1=" " ind2="0">
   <subfield code="a">Codices Graeci et Latini photographice depicti</subfield>
   <subfield code="v">22</subfield>
   <subfield code="9">22</subfield>
   <subfield code="w">(DE-627)130826022</subfield>
   <subfield code="w">(DE-576)9130826020</subfield>
   <subfield code="w">(DE-600)1015572-7</subfield>
  </datafield>
  <datafield tag="850" ind1=" " ind2=" ">
   <subfield code="a">aa</subfield>
  </datafield>
  <datafield tag="936" ind1="r" ind2="v">
   <subfield code="a">FB 3960</subfield>
   <subfield code="b">Tafelbände, Schautafeln</subfield>
   <subfield code="k">Klassische Philologie. Byzantinistik. Mittellateinische und Neugriechische Philologie. Neulatein</subfield>
   <subfield code="k">Klassische Philologie</subfield>
   <subfield code="k">Hilfswissenschaften und Grenzgebiete</subfield>
   <subfield code="k">Tafelbände, Schautafeln</subfield>
   <subfield code="0">(DE-627)1270770314</subfield>
   <subfield code="0">(DE-625)rvk/29936:</subfield>
   <subfield code="0">(DE-576)200770314</subfield>
  </datafield>
  <datafield tag="936" ind1="r" ind2="v">
   <subfield code="a">AM 59500</subfield>
   <subfield code="b">Technische Handschriften</subfield>
   <subfield code="k">Allgemeines</subfield>
   <subfield code="k">Schrift und Handschriftenkunde. Schriftarten und Schreiben</subfield>
   <subfield code="k">Handschriftenkunde</subfield>
   <subfield code="k">Sonderfragen des Handschriftenwesens</subfield>
   <subfield code="k">Faksimile-Ausgaben (Serien)</subfield>
   <subfield code="k">Technische Handschriften</subfield>
   <subfield code="0">(DE-627)1270666681</subfield>
   <subfield code="0">(DE-625)rvk/4401:</subfield>
   <subfield code="0">(DE-576)200666681</subfield>
  </datafield>
  <datafield tag="951" ind1=" " ind2=" ">
   <subfield code="a">BO</subfield>
  </datafield>
  <datafield tag="990" ind1=" " ind2=" ">
   <subfield code="a">Corpus agrimensorum Romanorum</subfield>
  </datafield>
  <datafield tag="991" ind1=" " ind2=" ">
   <subfield code="a">Rezensiertes Werk</subfield>
  </datafield>
  <datafield tag="999" ind1=" " ind2=" ">
   <subfield code="a">KXP-PPN1072425467</subfield>
   <subfield code="e">4054721990</subfield>
  </datafield>
 </record>
</collection>
